00342nam a2200121Ia 4500008004100000040001800041041000800059245005800067260005000125300001900175630001100194650001500205130821s1977 ck gr spa  aCo-BoUCMbspa aspa00aLa biblia. Para el Pueblo de Dios de América Latina aBogotá (Colombia)bEdiciones Paulinasc1977 a1407 páginas aBiblia04aTeología